000 00212 a2200109 4500
020 _a0916856186
041 _aeng
100 _aAnonimo
245 _aAlcoholics Anonymous
942 _cBK
952 _71
_xAuto Ayuda
999 _c25852
_d25852